Az oktatás elmélete
| Main Author: | |
|---|---|
| Format: | Book |
| Language: | Hungarian |
| PhysicalDescription: | 255 s. 23 cm |
| Published: |
Budapest
Országos Pedagógiai Könyvtár és Múzeum
1996
|
| ISBN: | 963 7644 43 1 |
| ISSN: | 1217-937x 0236-7688 |
| Series: | A magyar pedagógiai gondolkodás klasszikusai
Az Országos Pedagógiai Könyvtár és Múzeum Hasonmás Kiadványai |
| Subjects: |
MARC
| LEADER | 00000nam a2200000 a 4500 | ||
|---|---|---|---|
| 001 | vtls001222017 | ||
| 003 | SK-MaSNL | ||
| 005 | 20260302073948.0 | ||
| 008 | 251113s1996 HU a 0 hun | ||
| 020 | |a 963 7644 43 1 |c [85,00] | ||
| 035 | |a SNK000167397 | ||
| 040 | |a SNK |b slo |c SNK |e AACR2 | ||
| 044 | |a HU | ||
| 080 | |a 371.3 |2 1981 | ||
| 100 | 1 | |a Prohászka, Lajos |4 aut |9 739000 | |
| 245 | 1 | 3 | |a Az oktatás elmélete |c Prohászka Lajos |
| 260 | |a Budapest |b Országos Pedagógiai Könyvtár és Múzeum |c 1996 | ||
| 300 | |a 255 s. |c 23 cm | ||
| 490 | 1 | |a A magyar pedagógiai gondolkodás klasszikusai |x 1217-937x |v 5 | |
| 490 | 1 | |a Az Országos Pedagógiai Könyvtár és Múzeum Hasonmás Kiadványai |x 0236-7688 | |
| 500 | |a Faksimile vyd. z r. 1937, obalový tit. | ||
| 650 | 0 | 7 | |a vyučovanie |x teória |x faksimile |2 SNK |9 739001 |
| 830 | 0 | |a A magyar pedagógiai gondolkodás klasszikusai |9 455845 | |
| 830 | 0 | |a Az Országos Pedagógiai Könyvtár és Múzeum Hasonmás Kiadványai |9 691900 | |
| 919 | |a 963 7644 43 1 | ||
| 999 | |c 1163033 |d 1164963 | ||
| 952 | |t P60, <04>, [BOOK], {604} |a SNK |b SNK |y VYP |7 0 |p 17A0013403 |o snkIC 126057 |i snkV 1785/96 |0 0 |1 0 |4 0 |d 1996-10-08 |l 0 |r 2005-01-01 00:00:00 |w 2026-02-24 | ||


